000
00317nam a22001337a 4500
999
_c
12168
_d
12168
020
_a
978-93259-7413-5
082
_a
621.319
100
_a
S N Sivanandam
245
_a
Power System Analysis and Stability
260
_a
New Delhi
_b
Vikas
_c
2014
300
_a
509
650
_a
Electrical Engineering
942
_c
BK